| Tag |
First Indicator |
Second Indicator |
Subfields |
| LEADER |
00000cas a2200000 a 4500 |
| 001 |
in00000059465 |
| 005 |
20221014154821.8 |
| 008 |
751101d19532022ohumr p 0 a0eng c |
| 010 |
|
|
|a sn 78004987
|
| 022 |
0 |
|
|a 0021-5953
|l 0021-5953
|2 1
|
| 029 |
1 |
|
|a AU@
|b 000002999124
|
| 032 |
|
|
|a 274460
|b USPS
|
| 035 |
|
|
|a (OCoLC)1754260
|
| 037 |
|
|
|b Jersey Journal, 2105-J S. Hamilton Rd., P.O. Box 27310, Columbus, OH 43227-0310
|
| 040 |
|
|
|a MUL
|b eng
|c MUL
|d HUL
|d NSD
|d COO
|d NSD
|d MUL
|d NSD
|d NST
|d AGL
|d OCLCQ
|d LVB
|d OCLCQ
|d OCLCF
|d OCLCO
|d OCLCQ
|d OCLCO
|d GUA
|d OCLCO
|
| 042 |
|
|
|a nsdp
|a pcc
|
| 043 |
|
|
|a n-us---
|
| 050 |
|
4 |
|a SF193.J5
|b J5
|
| 210 |
0 |
|
|a Jersey j.
|
| 222 |
|
0 |
|a Jersey journal
|
| 245 |
0 |
0 |
|a Jersey journal :
|b official publication of the American Jersey Cattle Club.
|
| 264 |
|
1 |
|a Greenfield, Ohio :
|b American Jersey Cattle Club,
|c [1953]-
|
| 264 |
|
4 |
|c ©1953-
|
| 300 |
|
|
|a volumes :
|b illustrations ;
|c 28-30 cm
|
| 310 |
|
|
|a Monthly,
|b <Jan. 1984->
|
| 321 |
|
|
|a Semimonthly,
|b 1953-19
|
| 321 |
|
|
|a Monthly (except semimonthly in July),
|b 198 -198
|
| 336 |
|
|
|a text
|b txt
|2 rdacontent
|
| 337 |
|
|
|a unmediated
|b n
|2 rdamedia
|
| 338 |
|
|
|a volume
|b nc
|2 rdacarrier
|
| 362 |
1 |
|
|a Began with: Vol. 1, no. 1 (Oct. 5, 1953).
|
| 362 |
1 |
|
|a Ceased with issue for January 2022.
|
| 500 |
|
|
|a Title from cover.
|
| 500 |
|
|
|a Imprint varies.
|
| 550 |
|
|
|a Official publication of the National All-Jersey Inc., 1961- ; American Jersey Cattle Association, Aug. 1994-
|
| 580 |
|
|
|a Effective February 2022, title issued as a downloadable PDF sent via email, with journal archives available online to subscribers.
|
| 650 |
|
0 |
|a Jersey cattle
|z United States
|v Periodicals.
|
| 650 |
|
0 |
|a Jersey cattle
|v Periodicals.
|
| 650 |
|
7 |
|a Jersey cattle.
|2 fast
|0 (OCoLC)fst00982317
|
| 651 |
|
7 |
|a United States.
|2 fast
|0 (OCoLC)fst01204155
|
| 655 |
|
7 |
|a Periodicals.
|2 fast
|0 (OCoLC)fst01411641
|
| 710 |
2 |
|
|a American Jersey Cattle Club.
|
| 710 |
2 |
|
|a National All-Jersey Inc.
|
| 710 |
2 |
|
|a American Jersey Cattle Association.
|
| 770 |
0 |
|
|t Jersey directory
|w (DLC) 00220357
|w (OCoLC)31257508
|
| 776 |
0 |
8 |
|i Online version, continues the print:
|t Jersey journal
|w (OCoLC)1287944927
|
| 780 |
0 |
5 |
|t Jersey bulletin (1937)
|g Nov. 1, 1953
|w (OCoLC)5175762
|
| 850 |
|
|
|a DNAL
|a MnSU
|a NjR
|
| 948 |
|
|
|h HELD BY TXA - 86 OTHER HOLDINGS
|
| 994 |
|
|
|a Z0
|b TXA
|
| 999 |
f |
f |
|s 67670d3b-746b-39c8-aff3-22ac9851d8d4
|i 1b3273d5-035a-3004-be9a-3a1e012e1231
|t 0
|
| 952 |
f |
f |
|a Texas A&M University
|b Rellis Campus
|c Joint Library Facility
|d Remote Storage
|e SF193.J5 J5
|h Library of Congress classification
|i unmediated -- volume
|k v.62:no.10-12
|l 2015:Oct.-Dec.
|m A14843482655
|p ric
|s JLF
|t 0
|
| 952 |
f |
f |
|a Texas A&M University
|b Rellis Campus
|c Joint Library Facility
|d Remote Storage
|e SF193.J5 J5
|h Library of Congress classification
|i unmediated -- volume
|k v.43:no.1-4
|l 1996:Jan.-Apr.
|m A14820107374
|p ric
|s JLF
|t 0
|
| 952 |
f |
f |
|a Texas A&M University
|b Rellis Campus
|c Joint Library Facility
|d Remote Storage
|e SF193.J5 J5
|h Library of Congress classification
|i unmediated -- volume
|k v.50:no.1-6
|l 2003:Jan.-June
|m A14830647392
|p ric
|s JLF
|t 0
|
| 952 |
f |
f |
|a Texas A&M University
|b Rellis Campus
|c Joint Library Facility
|d Remote Storage
|e SF193.J5 J5
|h Library of Congress classification
|i unmediated -- volume
|k v.64:no.4-6
|l 2017:Apr.-June
|m A14850111411
|p ric
|s JLF
|t 0
|
| 952 |
f |
f |
|a Texas A&M University
|b Rellis Campus
|c Joint Library Facility
|d Remote Storage
|e SF193.J5 J5
|h Library of Congress classification
|i unmediated -- volume
|k v.36:no.1-4
|l 1989:Jan.-Apr.
|m A14812078202
|p ric
|s JLF
|t 0
|
| 952 |
f |
f |
|a Texas A&M University
|b Rellis Campus
|c Joint Library Facility
|d Remote Storage
|e SF193.J5 J5
|h Library of Congress classification
|i unmediated -- volume
|k v.5:no.13-24
|l 1958:July-Dec.
|m A14851831116
|p ric
|s JLF
|t 0
|
| 952 |
f |
f |
|a Texas A&M University
|b Rellis Campus
|c Joint Library Facility
|d Remote Storage
|e SF193.J5 J5
|h Library of Congress classification
|i unmediated -- volume
|k v.53:no.7-12
|l 2006:July-Dec.
|m A14835090621
|p ric
|s JLF
|t 0
|
| 952 |
f |
f |
|a Texas A&M University
|b Rellis Campus
|c Joint Library Facility
|d Remote Storage
|e SF193.J5 J5
|h Library of Congress classification
|i unmediated -- volume
|k v.16:no.1-12
|l 1969:Jan.-June
|m A14851830894
|p ric
|s JLF
|t 0
|
| 952 |
f |
f |
|a Texas A&M University
|b Rellis Campus
|c Joint Library Facility
|d Remote Storage
|e SF193.J5 J5
|h Library of Congress classification
|i unmediated -- volume
|k v.1:no.1-12
|l 1953:Oct.-1954:Mar.
|m A14851830969
|p ric
|s JLF
|t 0
|
| 952 |
f |
f |
|a Texas A&M University
|b Rellis Campus
|c Joint Library Facility
|d Remote Storage
|e SF193.J5 J5
|h Library of Congress classification
|i unmediated -- volume
|k v.17:no.1-12
|l 1970:Jan.-June
|m A14851831033
|p ric
|s JLF
|t 0
|
| 952 |
f |
f |
|a Texas A&M University
|b Rellis Campus
|c Joint Library Facility
|d Remote Storage
|e SF193.J5 J5
|h Library of Congress classification
|i unmediated -- volume
|k v.16:no.13-24
|l 1969:July-Dec.
|m A14851831165
|p ric
|s JLF
|t 0
|
| 952 |
f |
f |
|a Texas A&M University
|b Rellis Campus
|c Joint Library Facility
|d Remote Storage
|e SF193.J5 J5
|h Library of Congress classification
|i unmediated -- volume
|k v.55:no.4-6
|l 2008:Apr.-June
|m A14834749609
|p ric
|s JLF
|t 0
|
| 952 |
f |
f |
|a Texas A&M University
|b Rellis Campus
|c Joint Library Facility
|d Remote Storage
|e SF193.J5 J5
|h Library of Congress classification
|i unmediated -- volume
|k v.19:no.13-23
|l 1972:July-Dec.
|m A14851831892
|p ric
|s JLF
|t 0
|
| 952 |
f |
f |
|a Texas A&M University
|b Rellis Campus
|c Joint Library Facility
|d Remote Storage
|e SF193.J5 J5
|h Library of Congress classification
|i unmediated -- volume
|k v.34:no.7-12
|l 1987:July-Dec.
|m A14811384383
|p ric
|s JLF
|t 0
|
| 952 |
f |
f |
|a Texas A&M University
|b Rellis Campus
|c Joint Library Facility
|d Remote Storage
|e SF193.J5 J5
|h Library of Congress classification
|i unmediated -- volume
|k v.50:no.7-12
|l 2003:July-Dec.
|m A14831788379
|p ric
|s JLF
|t 0
|
| 952 |
f |
f |
|a Texas A&M University
|b Rellis Campus
|c Joint Library Facility
|d Remote Storage
|e SF193.J5 J5
|h Library of Congress classification
|i unmediated -- volume
|k v.46:no.1-4
|l 1999:Jan.-Apr.
|m A14824929867
|p ric
|s JLF
|t 0
|
| 952 |
f |
f |
|a Texas A&M University
|b Rellis Campus
|c Joint Library Facility
|d Remote Storage
|e SF193.J5 J5
|h Library of Congress classification
|i unmediated -- volume
|k v.57:no.1-3
|l 2010:Jan.-Mar.
|m A14839422854
|p ric
|s JLF
|t 0
|
| 952 |
f |
f |
|a Texas A&M University
|b Rellis Campus
|c Joint Library Facility
|d Remote Storage
|e SF193.J5 J5
|h Library of Congress classification
|i unmediated -- volume
|k v.12:no.1-12
|l 1965:Jan.-June
|m A14851831405
|p ric
|s JLF
|t 0
|
| 952 |
f |
f |
|a Texas A&M University
|b Rellis Campus
|c Joint Library Facility
|d Remote Storage
|e SF193.J5 J5
|h Library of Congress classification
|i unmediated -- volume
|k v.61:no.1-3
|l 2014:Jan.-Mar.
|m A14843158214
|p ric
|s JLF
|t 0
|
| 952 |
f |
f |
|a Texas A&M University
|b Rellis Campus
|c Joint Library Facility
|d Remote Storage
|e SF193.J5 J5
|h Library of Congress classification
|i unmediated -- volume
|k v.2:no.1-12
|l 1955:Jan.-June
|m A14851831363
|p ric
|s JLF
|t 0
|
| 952 |
f |
f |
|a Texas A&M University
|b Rellis Campus
|c Joint Library Facility
|d Remote Storage
|e SF193.J5 J5
|h Library of Congress classification
|i unmediated -- volume
|k v.3:no.13-24
|l 1956:July-Dec.
|m A14851830977
|p ric
|s JLF
|t 0
|
| 952 |
f |
f |
|a Texas A&M University
|b Rellis Campus
|c Joint Library Facility
|d Remote Storage
|e SF193.J5 J5
|h Library of Congress classification
|i unmediated -- volume
|k v.52:no.7-12
|l 2005:July-Dec.
|m A14833436643
|p ric
|s JLF
|t 0
|
| 952 |
f |
f |
|a Texas A&M University
|b Rellis Campus
|c Joint Library Facility
|d Remote Storage
|e SF193.J5 J5
|h Library of Congress classification
|i unmediated -- volume
|k v.34:no.1-6
|l 1987:Jan.-June
|m A14811384333
|p ric
|s JLF
|t 0
|
| 952 |
f |
f |
|a Texas A&M University
|b Rellis Campus
|c Joint Library Facility
|d Remote Storage
|e SF193.J5 J5
|h Library of Congress classification
|i unmediated -- volume
|k v.42:no.5-8
|l 1995:May-Aug.
|m A14851831579
|p ric
|s JLF
|t 0
|
| 952 |
f |
f |
|a Texas A&M University
|b Rellis Campus
|c Joint Library Facility
|d Remote Storage
|e SF193.J5 J5
|h Library of Congress classification
|i unmediated -- volume
|k v.25:no.7-12
|l 1978:July-Dec.
|m A14851831801
|p ric
|s JLF
|t 0
|
| 952 |
f |
f |
|a Texas A&M University
|b Rellis Campus
|c Joint Library Facility
|d Remote Storage
|e SF193.J5 J5
|h Library of Congress classification
|i unmediated -- volume
|k v.29:no.1-6
|l 1982:Jan.-June
|m A14851831553
|p ric
|s JLF
|t 0
|
| 952 |
f |
f |
|a Texas A&M University
|b Rellis Campus
|c Joint Library Facility
|d Remote Storage
|e SF193.J5 J5
|h Library of Congress classification
|i unmediated -- volume
|k v.59:no.1-3
|l 2012:Jan.-Mar.
|m A14842046592
|p ric
|s JLF
|t 0
|
| 952 |
f |
f |
|a Texas A&M University
|b Rellis Campus
|c Joint Library Facility
|d Remote Storage
|e SF193.J5 J5
|h Library of Congress classification
|i unmediated -- volume
|k v.63:no.4-6
|l 2016:Apr.-June
|m A14843538969
|p ric
|s JLF
|t 0
|
| 952 |
f |
f |
|a Texas A&M University
|b Rellis Campus
|c Joint Library Facility
|d Remote Storage
|e SF193.J5 J5
|h Library of Congress classification
|i unmediated -- volume
|k v.35:no.1-6
|l 1988:Jan.-June
|m A14811721420
|p ric
|s JLF
|t 0
|
| 952 |
f |
f |
|a Texas A&M University
|b Rellis Campus
|c Joint Library Facility
|d Remote Storage
|e SF193.J5 J5
|h Library of Congress classification
|i unmediated -- volume
|k v.47:no.5-8
|l 2000:May-Aug.
|m A14827939340
|p ric
|s JLF
|t 0
|
| 952 |
f |
f |
|a Texas A&M University
|b Rellis Campus
|c Joint Library Facility
|d Remote Storage
|e SF193.J5 J5
|h Library of Congress classification
|i unmediated -- volume
|k v.49:no.7-12
|l 2002:July-Dec.
|m A14830927035
|p ric
|s JLF
|t 0
|
| 952 |
f |
f |
|a Texas A&M University
|b Rellis Campus
|c Joint Library Facility
|d Remote Storage
|e SF193.J5 J5
|h Library of Congress classification
|i unmediated -- volume
|k v.54:no.4-6
|l 2007:Apr.-June
|m A14836135416
|p ric
|s JLF
|t 0
|
| 952 |
f |
f |
|a Texas A&M University
|b Rellis Campus
|c Joint Library Facility
|d Remote Storage
|e SF193.J5 J5
|h Library of Congress classification
|i unmediated -- volume
|k v.52:no.1-3
|l 2005:Jan.-Mar.
|m A14832869843
|p ric
|s JLF
|t 0
|
| 952 |
f |
f |
|a Texas A&M University
|b Rellis Campus
|c Joint Library Facility
|d Remote Storage
|e SF193.J5 J5
|h Library of Congress classification
|i unmediated -- volume
|k v.4:no.1-12
|l 1957:Jan.-June
|m A14851830845
|p ric
|s JLF
|t 0
|
| 952 |
f |
f |
|a Texas A&M University
|b Rellis Campus
|c Joint Library Facility
|d Remote Storage
|e SF193.J5 J5
|h Library of Congress classification
|i unmediated -- volume
|k v.27:no.1-6
|l 1980:Jan.-June
|m A14851831413
|p ric
|s JLF
|t 0
|
| 952 |
f |
f |
|a Texas A&M University
|b Rellis Campus
|c Joint Library Facility
|d Remote Storage
|e SF193.J5 J5
|h Library of Congress classification
|i unmediated -- volume
|k v.2:no.13-24
|l 1955:July-Dec.
|m A14851831231
|p ric
|s JLF
|t 0
|
| 952 |
f |
f |
|a Texas A&M University
|b Rellis Campus
|c Joint Library Facility
|d Remote Storage
|e SF193.J5 J5
|h Library of Congress classification
|i unmediated -- volume
|k v.56:no.7-9
|l 2009:July-Sept.
|m A14838934434
|p ric
|s JLF
|t 0
|
| 952 |
f |
f |
|a Texas A&M University
|b Rellis Campus
|c Joint Library Facility
|d Remote Storage
|e SF193.J5 J5
|h Library of Congress classification
|i unmediated -- volume
|k v.48:no.7-12
|l 2001:July-Dec.
|m A14829264327
|p ric
|s JLF
|t 0
|
| 952 |
f |
f |
|a Texas A&M University
|b Rellis Campus
|c Joint Library Facility
|d Remote Storage
|e SF193.J5 J5
|h Library of Congress classification
|i unmediated -- volume
|k v.39:no.9-12
|l 1992:Sept.-Dec.
|m A14816132383
|p ric
|s JLF
|t 0
|
| 952 |
f |
f |
|a Texas A&M University
|b Rellis Campus
|c Joint Library Facility
|d Remote Storage
|e SF193.J5 J5
|h Library of Congress classification
|i unmediated -- volume
|k v.27:no.7-12
|l 1980:July-Dec.
|m A14851831942
|p ric
|s JLF
|t 0
|
| 952 |
f |
f |
|a Texas A&M University
|b Rellis Campus
|c Joint Library Facility
|d Remote Storage
|e SF193.J5 J5
|h Library of Congress classification
|i unmediated -- volume
|k v.47:no.9-12
|l 2000:Sept.-Dec.
|m A14827939714
|p ric
|s JLF
|t 0
|
| 952 |
f |
f |
|a Texas A&M University
|b Rellis Campus
|c Joint Library Facility
|d Remote Storage
|e SF193.J5 J5
|h Library of Congress classification
|i unmediated -- volume
|k v.19:no.1-12
|l 1972:Jan.-June
|m A14851830928
|p ric
|s JLF
|t 0
|
| 952 |
f |
f |
|a Texas A&M University
|b Rellis Campus
|c Joint Library Facility
|d Remote Storage
|e SF193.J5 J5
|h Library of Congress classification
|i unmediated -- volume
|k v.4:no.13-24
|l 1957:July-Dec.
|m A14851831371
|p ric
|s JLF
|t 0
|
| 952 |
f |
f |
|a Texas A&M University
|b Rellis Campus
|c Joint Library Facility
|d Remote Storage
|e SF193.J5 J5
|h Library of Congress classification
|i unmediated -- volume
|k v.22:no.13-23
|l 1975:July-Dec.
|m A14851831652
|p ric
|s JLF
|t 0
|
| 952 |
f |
f |
|a Texas A&M University
|b Rellis Campus
|c Joint Library Facility
|d Remote Storage
|e SF193.J5 J5
|h Library of Congress classification
|i unmediated -- volume
|k v.9:no.13-24
|l 1962:July-Dec.
|m A14851831397
|p ric
|s JLF
|t 0
|
| 952 |
f |
f |
|a Texas A&M University
|b Rellis Campus
|c Joint Library Facility
|d Remote Storage
|e SF193.J5 J5
|h Library of Congress classification
|i unmediated -- volume
|k v.52:no.4-6
|l 2005:Apr.-June
|m A14832869801
|p ric
|s JLF
|t 0
|
| 952 |
f |
f |
|a Texas A&M University
|b Rellis Campus
|c Joint Library Facility
|d Remote Storage
|e SF193.J5 J5
|h Library of Congress classification
|i unmediated -- volume
|k v.43:no.5-8
|l 1996:May-Aug.
|m A14820390422
|p ric
|s JLF
|t 0
|
| 952 |
f |
f |
|a Texas A&M University
|b Rellis Campus
|c Joint Library Facility
|d Remote Storage
|e SF193.J5 J5
|h Library of Congress classification
|i unmediated -- volume
|k v.7:no.1-12
|l 1960:Jan.-June
|m A14851831389
|p ric
|s JLF
|t 0
|
| 952 |
f |
f |
|a Texas A&M University
|b Rellis Campus
|c Joint Library Facility
|d Remote Storage
|e SF193.J5 J5
|h Library of Congress classification
|i unmediated -- volume
|k v.37:no.5-8
|l 1990:May-Aug.
|m A14812920700
|p ric
|s JLF
|t 0
|
| 952 |
f |
f |
|a Texas A&M University
|b Rellis Campus
|c Joint Library Facility
|d Remote Storage
|e SF193.J5 J5
|h Library of Congress classification
|i unmediated -- volume
|k v.42:no.1-4
|l 1995:Jan.-Apr.
|m A14819496883
|p ric
|s JLF
|t 0
|
| 952 |
f |
f |
|a Texas A&M University
|b Rellis Campus
|c Joint Library Facility
|d Remote Storage
|e SF193.J5 J5
|h Library of Congress classification
|i unmediated -- volume
|k v.63:no.10-12
|l 2016:Oct.-Dec.
|m A14850111171
|p ric
|s JLF
|t 0
|
| 952 |
f |
f |
|a Texas A&M University
|b Rellis Campus
|c Joint Library Facility
|d Remote Storage
|e SF193.J5 J5
|h Library of Congress classification
|i unmediated -- volume
|k v.14:no.13-22
|l 1967:July 5-Nov.20
|m A14851831280
|p ric
|s JLF
|t 0
|
| 952 |
f |
f |
|a Texas A&M University
|b Rellis Campus
|c Joint Library Facility
|d Remote Storage
|e SF193.J5 J5
|h Library of Congress classification
|i unmediated -- volume
|k v.56:no.1-3
|l 2009:Jan.-Mar.
|m A14838825350
|p ric
|s JLF
|t 0
|
| 952 |
f |
f |
|a Texas A&M University
|b Rellis Campus
|c Joint Library Facility
|d Remote Storage
|e SF193.J5 J5
|h Library of Congress classification
|i unmediated -- volume
|k v.21:no.11-12
|l 1974:June
|m A14834653183
|p ric
|s JLF
|t 0
|
| 952 |
f |
f |
|a Texas A&M University
|b Rellis Campus
|c Joint Library Facility
|d Remote Storage
|e SF193.J5 J5
|h Library of Congress classification
|i unmediated -- volume
|k v.55:no.7-9
|l 2008:July-Sept.
|m A14834785207
|p ric
|s JLF
|t 0
|
| 952 |
f |
f |
|a Texas A&M University
|b Rellis Campus
|c Joint Library Facility
|d Remote Storage
|e SF193.J5 J5
|h Library of Congress classification
|i unmediated -- volume
|k v.32:no.7-12
|l 1985:July-Dec.
|m A14851831967
|p ric
|s JLF
|t 0
|
| 952 |
f |
f |
|a Texas A&M University
|b Rellis Campus
|c Joint Library Facility
|d Remote Storage
|e SF193.J5 J5
|h Library of Congress classification
|i unmediated -- volume
|k v.7:no.13-24
|l 1960:July-Dec.
|m A14851831256
|p ric
|s JLF
|t 0
|
| 952 |
f |
f |
|a Texas A&M University
|b Rellis Campus
|c Joint Library Facility
|d Remote Storage
|e SF193.J5 J5
|h Library of Congress classification
|i unmediated -- volume
|k v.41:no.5-8
|l 1994:May-Aug.
|m A14819489412
|p ric
|s JLF
|t 0
|
| 952 |
f |
f |
|a Texas A&M University
|b Rellis Campus
|c Joint Library Facility
|d Remote Storage
|e SF193.J5 J5
|h Library of Congress classification
|i unmediated -- volume
|k v.15:no.13-24
|l 1968:July-Dec.
|m A14851831025
|p ric
|s JLF
|t 0
|
| 952 |
f |
f |
|a Texas A&M University
|b Rellis Campus
|c Joint Library Facility
|d Remote Storage
|e SF193.J5 J5
|h Library of Congress classification
|i unmediated -- volume
|k v.13:no.13-24
|l 1966:July-Dec.
|m A14851831017
|p ric
|s JLF
|t 0
|
| 952 |
f |
f |
|a Texas A&M University
|b Rellis Campus
|c Joint Library Facility
|d Remote Storage
|e SF193.J5 J5
|h Library of Congress classification
|i unmediated -- volume
|k v.21:no.7-9
|l 1974:Apr.-May 5
|m A14834653141
|p ric
|s JLF
|t 0
|
| 952 |
f |
f |
|a Texas A&M University
|b Rellis Campus
|c Joint Library Facility
|d Remote Storage
|e SF193.J5 J5
|h Library of Congress classification
|i unmediated -- volume
|k v.57:no.4-6
|l 2010:Apr.-June
|m A14839422927
|p ric
|s JLF
|t 0
|
| 952 |
f |
f |
|a Texas A&M University
|b Rellis Campus
|c Joint Library Facility
|d Remote Storage
|e SF193.J5 J5
|h Library of Congress classification
|i unmediated -- volume
|k v.17:no.13-23
|l 1970:July-Dec.
|m A14851830902
|p ric
|s JLF
|t 0
|
| 952 |
f |
f |
|a Texas A&M University
|b Rellis Campus
|c Joint Library Facility
|d Remote Storage
|e SF193.J5 J5
|h Library of Congress classification
|i unmediated -- volume
|k v.40:no.9-12
|l 1993:Sept.-Dec.
|m A14817879360
|p ric
|s JLF
|t 0
|
| 952 |
f |
f |
|a Texas A&M University
|b Rellis Campus
|c Joint Library Facility
|d Remote Storage
|e SF193.J5 J5
|h Library of Congress classification
|i unmediated -- volume
|k v.9:no.1-12
|l 1962:Jan.-June
|m A14851830860
|p ric
|s JLF
|t 0
|
| 952 |
f |
f |
|a Texas A&M University
|b Rellis Campus
|c Joint Library Facility
|d Remote Storage
|e SF193.J5 J5
|h Library of Congress classification
|i unmediated -- volume
|k v.65:no.1-3
|l 2018:Jan.-Mar.
|m A14850367088
|p ric
|s JLF
|t 0
|
| 952 |
f |
f |
|a Texas A&M University
|b Rellis Campus
|c Joint Library Facility
|d Remote Storage
|e SF193.J5 J5
|h Library of Congress classification
|i unmediated -- volume
|k v.35:no.7-12
|l 1988:July-Dec.
|m A14811721569
|p ric
|s JLF
|t 0
|
| 952 |
f |
f |
|a Texas A&M University
|b Rellis Campus
|c Joint Library Facility
|d Remote Storage
|e SF193.J5 J5
|h Library of Congress classification
|i unmediated -- volume
|k v.32:no.1-6
|l 1985:Jan.-June
|m A14851831439
|p ric
|s JLF
|t 0
|
| 952 |
f |
f |
|a Texas A&M University
|b Rellis Campus
|c Joint Library Facility
|d Remote Storage
|e SF193.J5 J5
|h Library of Congress classification
|i unmediated -- volume
|k v.36:no.9-12
|l 1989:Sept.-Dec.
|m A14812080097
|p ric
|s JLF
|t 0
|
| 952 |
f |
f |
|a Texas A&M University
|b Rellis Campus
|c Joint Library Facility
|d Remote Storage
|e SF193.J5 J5
|h Library of Congress classification
|i unmediated -- volume
|k v.8:no.1-12
|l 1961:Jan.-June
|m A14851831124
|p ric
|s JLF
|t 0
|
| 952 |
f |
f |
|a Texas A&M University
|b Rellis Campus
|c Joint Library Facility
|d Remote Storage
|e SF193.J5 J5
|h Library of Congress classification
|i unmediated -- volume
|k v.58:no.4-6
|l 2011:Apr.-Jun.
|m A14842046568
|p ric
|s JLF
|t 0
|
| 952 |
f |
f |
|a Texas A&M University
|b Rellis Campus
|c Joint Library Facility
|d Remote Storage
|e SF193.J5 J5
|h Library of Congress classification
|i unmediated -- volume
|k v.46:no.9-12
|l 1999:Sept.-Dec.
|m A14826005350
|p ric
|s JLF
|t 0
|
| 952 |
f |
f |
|a Texas A&M University
|b Rellis Campus
|c Joint Library Facility
|d Remote Storage
|e SF193.J5 J5
|h Library of Congress classification
|i unmediated -- volume
|k v.39:no.1-4
|l 1992:Jan.-Apr.
|m A14816072826
|p ric
|s JLF
|t 0
|
| 952 |
f |
f |
|a Texas A&M University
|b Rellis Campus
|c Joint Library Facility
|d Remote Storage
|e SF193.J5 J5
|h Library of Congress classification
|i unmediated -- volume
|k v.40:no.1-4
|l 1993:Jan.-Apr.
|m A14817193120
|p ric
|s JLF
|t 0
|
| 952 |
f |
f |
|a Texas A&M University
|b Rellis Campus
|c Joint Library Facility
|d Remote Storage
|e SF193.J5 J5
|h Library of Congress classification
|i unmediated -- volume
|k v.60:no.1-3
|l 2013:Jan.-Mar.
|m A14842046634
|p ric
|s JLF
|t 0
|
| 952 |
f |
f |
|a Texas A&M University
|b Rellis Campus
|c Joint Library Facility
|d Remote Storage
|e SF193.J5 J5
|h Library of Congress classification
|i unmediated -- volume
|k v.37:no.9-12
|l 1990:Sept.-Dec.
|m A14812920750
|p ric
|s JLF
|t 0
|
| 952 |
f |
f |
|a Texas A&M University
|b Rellis Campus
|c Joint Library Facility
|d Remote Storage
|e SF193.J5 J5
|h Library of Congress classification
|i unmediated -- volume
|k v.49:no.1-6
|l 2002:Jan.-June
|m A14829264288
|p ric
|s JLF
|t 0
|
| 952 |
f |
f |
|a Texas A&M University
|b Rellis Campus
|c Joint Library Facility
|d Remote Storage
|e SF193.J5 J5
|h Library of Congress classification
|i unmediated -- volume
|k v.61:no.4-6
|l 2014:Apr.-June
|m A14843538191
|p ric
|s JLF
|t 0
|
| 952 |
f |
f |
|a Texas A&M University
|b Rellis Campus
|c Joint Library Facility
|d Remote Storage
|e SF193.J5 J5
|h Library of Congress classification
|i unmediated -- volume
|k v.65:no.10-12
|l 2018:Oct.-Dec.
|m A14850407959
|p ric
|s JLF
|t 0
|
| 952 |
f |
f |
|a Texas A&M University
|b Rellis Campus
|c Joint Library Facility
|d Remote Storage
|e SF193.J5 J5
|h Library of Congress classification
|i unmediated -- volume
|k v.65:no.4-6
|l 2018:Apr-June
|m A14850407934
|p ric
|s JLF
|t 0
|
| 952 |
f |
f |
|a Texas A&M University
|b Rellis Campus
|c Joint Library Facility
|d Remote Storage
|e SF193.J5 J5
|h Library of Congress classification
|i unmediated -- volume
|k v.31:no.1-6
|l 1984:Jan.-June
|m A14851831694
|p ric
|s JLF
|t 0
|
| 952 |
f |
f |
|a Texas A&M University
|b Rellis Campus
|c Joint Library Facility
|d Remote Storage
|e SF193.J5 J5
|h Library of Congress classification
|i unmediated -- volume
|k v.44:no.9-12
|l 1997:Sept.-Dec.
|m A14823512007
|p ric
|s JLF
|t 0
|
| 952 |
f |
f |
|a Texas A&M University
|b Rellis Campus
|c Joint Library Facility
|d Remote Storage
|e SF193.J5 J5
|h Library of Congress classification
|i unmediated -- volume
|k v.24:no.7-12
|l 1977:July-Dec.
|m A14851831538
|p ric
|s JLF
|t 0
|
| 952 |
f |
f |
|a Texas A&M University
|b Rellis Campus
|c Joint Library Facility
|d Remote Storage
|e SF193.J5 J5
|h Library of Congress classification
|i unmediated -- volume
|k v.39:no.5-8
|l 1992:May-Aug.
|m A14816093636
|p ric
|s JLF
|t 0
|
| 952 |
f |
f |
|a Texas A&M University
|b Rellis Campus
|c Joint Library Facility
|d Remote Storage
|e SF193.J5 J5
|h Library of Congress classification
|i unmediated -- volume
|k v.44:no.5-8
|l 1997:May-Aug.
|m A14823512057
|p ric
|s JLF
|t 0
|
| 952 |
f |
f |
|a Texas A&M University
|b Rellis Campus
|c Joint Library Facility
|d Remote Storage
|e SF193.J5 J5
|h Library of Congress classification
|i unmediated -- volume
|k v.65:no.7-9
|l 2018:July-Sept.
|m A14850407942
|p ric
|s JLF
|t 0
|
| 952 |
f |
f |
|a Texas A&M University
|b Rellis Campus
|c Joint Library Facility
|d Remote Storage
|e SF193.J5 J5
|h Library of Congress classification
|i unmediated -- volume
|k v.20:no.1-12
|l 1973:Jan.-June
|m A14851831900
|p ric
|s JLF
|t 0
|
| 952 |
f |
f |
|a Texas A&M University
|b Rellis Campus
|c Joint Library Facility
|d Remote Storage
|e SF193.J5 J5
|h Library of Congress classification
|i unmediated -- volume
|k v.64:no.1-3
|l 2017:Jan.-Mar.
|m A14850111296
|p ric
|s JLF
|t 0
|
| 952 |
f |
f |
|a Texas A&M University
|b Rellis Campus
|c Joint Library Facility
|d Remote Storage
|e SF193.J5 J5
|h Library of Congress classification
|i unmediated -- volume
|k v.62:no.1-3
|l 2015:Jan.-Mar.
|m A14843158826
|p ric
|s JLF
|t 0
|
| 952 |
f |
f |
|a Texas A&M University
|b Rellis Campus
|c Joint Library Facility
|d Remote Storage
|e SF193.J5 J5
|h Library of Congress classification
|i unmediated -- volume
|k v.36:no.5-8
|l 1989:May-Aug.
|m A14812078252
|p ric
|s JLF
|t 0
|
| 952 |
f |
f |
|a Texas A&M University
|b Rellis Campus
|c Joint Library Facility
|d Remote Storage
|e SF193.J5 J5
|h Library of Congress classification
|i unmediated -- volume
|k v.41:no.1-4
|l 1994:Jan.-Apr.
|m A14819489462
|p ric
|s JLF
|t 0
|
| 952 |
f |
f |
|a Texas A&M University
|b Rellis Campus
|c Joint Library Facility
|d Remote Storage
|e SF193.J5 J5
|h Library of Congress classification
|i unmediated -- volume
|k v.22:no.1-12
|l 1975:Jan.-June
|m A14851831785
|p ric
|s JLF
|t 0
|
| 952 |
f |
f |
|a Texas A&M University
|b Rellis Campus
|c Joint Library Facility
|d Remote Storage
|e SF193.J5 J5
|h Library of Congress classification
|i unmediated -- volume
|k v.10:no.1-12
|l 1963:Jan.-June
|m A14851831264
|p ric
|s JLF
|t 0
|
| 952 |
f |
f |
|a Texas A&M University
|b Rellis Campus
|c Joint Library Facility
|d Remote Storage
|e SF193.J5 J5
|h Library of Congress classification
|i unmediated -- volume
|k v.55:no.10-12
|l 2008:Oct.-Dec.
|m A14834776957
|p ric
|s JLF
|t 0
|
| 952 |
f |
f |
|a Texas A&M University
|b Rellis Campus
|c Joint Library Facility
|d Remote Storage
|e SF193.J5 J5
|h Library of Congress classification
|i unmediated -- volume
|k v.33:no.7-12
|l 1986:July-Dec.
|m A14851831702
|p ric
|s JLF
|t 0
|
| 952 |
f |
f |
|a Texas A&M University
|b Rellis Campus
|c Joint Library Facility
|d Remote Storage
|e SF193.J5 J5
|h Library of Congress classification
|i unmediated -- volume
|k v.28:no.1-6
|l 1981:Jan.-June
|m A14851831819
|p ric
|s JLF
|t 0
|
| 952 |
f |
f |
|a Texas A&M University
|b Rellis Campus
|c Joint Library Facility
|d Remote Storage
|e SF193.J5 J5
|h Library of Congress classification
|i unmediated -- volume
|k v.61:no.10-12
|l 2014:Oct.-Dec.
|m A14843158818
|p ric
|s JLF
|t 0
|
| 952 |
f |
f |
|a Texas A&M University
|b Rellis Campus
|c Joint Library Facility
|d Remote Storage
|e SF193.J5 J5
|h Library of Congress classification
|i unmediated -- volume
|k v.12:no.13-24
|l 1965:July-Dec.
|m A14851831272
|p ric
|s JLF
|t 0
|
| 952 |
f |
f |
|a Texas A&M University
|b Rellis Campus
|c Joint Library Facility
|d Remote Storage
|e SF193.J5 J5
|h Library of Congress classification
|i unmediated -- volume
|k v.38:no.1-4
|l 1991:Jan.-Apr.
|m A14815337370
|p ric
|s JLF
|t 0
|
| 952 |
f |
f |
|a Texas A&M University
|b Rellis Campus
|c Joint Library Facility
|d Remote Storage
|e SF193.J5 J5
|h Library of Congress classification
|i unmediated -- volume
|k v.42:no.9-12
|l 1995:Sept.-Dec.
|m A14819395524
|p ric
|s JLF
|t 0
|
| 952 |
f |
f |
|a Texas A&M University
|b Rellis Campus
|c Joint Library Facility
|d Remote Storage
|e SF193.J5 J5
|h Library of Congress classification
|i unmediated -- volume
|k v.33:no.1-6
|l 1986:Jan.-June
|m A14851831835
|p ric
|s JLF
|t 0
|
| 952 |
f |
f |
|a Texas A&M University
|b Rellis Campus
|c Joint Library Facility
|d Remote Storage
|e SF193.J5 J5
|h Library of Congress classification
|i unmediated -- volume
|k v.60:no.7-9
|l 2013:July-Sept.
|m A14843158230
|p ric
|s JLF
|t 0
|
| 952 |
f |
f |
|a Texas A&M University
|b Rellis Campus
|c Joint Library Facility
|d Remote Storage
|e SF193.J5 J5
|h Library of Congress classification
|i unmediated -- volume
|k v.46:no.5-8
|l 1999:May-Aug.
|m A14826005318
|p ric
|s JLF
|t 0
|
| 952 |
f |
f |
|a Texas A&M University
|b Rellis Campus
|c Joint Library Facility
|d Remote Storage
|e SF193.J5 J5
|h Library of Congress classification
|i unmediated -- volume
|k v.57:no.7-9
|l 2010:July-Sept.
|m A14839422919
|p ric
|s JLF
|t 0
|
| 952 |
f |
f |
|a Texas A&M University
|b Rellis Campus
|c Joint Library Facility
|d Remote Storage
|e SF193.J5 J5
|h Library of Congress classification
|i unmediated -- volume
|k v.56:no.10-12
|l 2009:Oct.-Dec.
|m A14839422862
|p ric
|s JLF
|t 0
|
| 952 |
f |
f |
|a Texas A&M University
|b Rellis Campus
|c Joint Library Facility
|d Remote Storage
|e SF193.J5 J5
|h Library of Congress classification
|i unmediated -- volume
|k v.30:no.7-13
|l 1983:July-Dec.
|m A14851831827
|p ric
|s JLF
|t 0
|
| 952 |
f |
f |
|a Texas A&M University
|b Rellis Campus
|c Joint Library Facility
|d Remote Storage
|e SF193.J5 J5
|h Library of Congress classification
|i unmediated -- volume
|k v.53:no.1-6
|l 2006:Jan.-June
|m A14834641372
|p ric
|s JLF
|t 0
|
| 952 |
f |
f |
|a Texas A&M University
|b Rellis Campus
|c Joint Library Facility
|d Remote Storage
|e SF193.J5 J5
|h Library of Congress classification
|i unmediated -- volume
|k v.43:no.9-12
|l 1996:Sept.-Dec.
|m A14821024765
|p ric
|s JLF
|t 0
|
| 952 |
f |
f |
|a Texas A&M University
|b Rellis Campus
|c Joint Library Facility
|d Remote Storage
|e SF193.J5 J5
|h Library of Congress classification
|i unmediated -- volume
|k v.54:no.1-3
|l 2007:Jan.-Mar.
|m A14836135377
|p ric
|s JLF
|t 0
|
| 952 |
f |
f |
|a Texas A&M University
|b Rellis Campus
|c Joint Library Facility
|d Remote Storage
|e SF193.J5 J5
|h Library of Congress classification
|i unmediated -- volume
|k v.5:no.1-12
|l 1958:Jan.-June
|m A14851831249
|p ric
|s JLF
|t 0
|
| 952 |
f |
f |
|a Texas A&M University
|b Rellis Campus
|c Joint Library Facility
|d Remote Storage
|e SF193.J5 J5
|h Library of Congress classification
|i unmediated -- volume
|k v.44:no.1-4
|l 1997:Jan.-Apr.
|m A14821231728
|p ric
|s JLF
|t 0
|
| 952 |
f |
f |
|a Texas A&M University
|b Rellis Campus
|c Joint Library Facility
|d Remote Storage
|e SF193.J5 J5
|h Library of Congress classification
|i unmediated -- volume
|k v.45:no.5-8
|l 1998:May-Aug.
|m A14823511996
|p ric
|s JLF
|t 0
|
| 952 |
f |
f |
|a Texas A&M University
|b Rellis Campus
|c Joint Library Facility
|d Remote Storage
|e SF193.J5 J5
|h Library of Congress classification
|i unmediated -- volume
|k v.59:no.10-12
|l 2012:Oct.-Dec.
|m A14842046626
|p ric
|s JLF
|t 0
|
| 952 |
f |
f |
|a Texas A&M University
|b Rellis Campus
|c Joint Library Facility
|d Remote Storage
|e SF193.J5 J5
|h Library of Congress classification
|i unmediated -- volume
|k v.26:no.1-6
|l 1979:Jan.-June
|m A14851831678
|p ric
|s JLF
|t 0
|
| 952 |
f |
f |
|a Texas A&M University
|b Rellis Campus
|c Joint Library Facility
|d Remote Storage
|e SF193.J5 J5
|h Library of Congress classification
|i unmediated -- volume
|k v.59:no.4-6
|l 2012:Apr.-Jun.
|m A14842046600
|p ric
|s JLF
|t 0
|
| 952 |
f |
f |
|a Texas A&M University
|b Rellis Campus
|c Joint Library Facility
|d Remote Storage
|e SF193.J5 J5
|h Library of Congress classification
|i unmediated -- volume
|k v.38:no.9-12
|l 1991:Sept.-Dec.
|m A14815525143
|p ric
|s JLF
|t 0
|
| 952 |
f |
f |
|a Texas A&M University
|b Rellis Campus
|c Joint Library Facility
|d Remote Storage
|e SF193.J5 J5
|h Library of Congress classification
|i unmediated -- volume
|k v.58:no.7-9
|l 2011:Jul.-Sept.
|m A14842046576
|p ric
|s JLF
|t 0
|
| 952 |
f |
f |
|a Texas A&M University
|b Rellis Campus
|c Joint Library Facility
|d Remote Storage
|e SF193.J5 J5
|h Library of Congress classification
|i unmediated -- volume
|k v.48:no.1-6
|l 2001:Jan.-June
|m A14827939798
|p ric
|s JLF
|t 0
|
| 952 |
f |
f |
|a Texas A&M University
|b Rellis Campus
|c Joint Library Facility
|d Remote Storage
|e SF193.J5 J5
|h Library of Congress classification
|i unmediated -- volume
|k v.45:no.1-4
|l 1998:Jan.-Apr.
|m A14823512049
|p ric
|s JLF
|t 0
|
| 952 |
f |
f |
|a Texas A&M University
|b Rellis Campus
|c Joint Library Facility
|d Remote Storage
|e SF193.J5 J5
|h Library of Congress classification
|i unmediated -- volume
|k v.64:no.10-12
|l 2017:Oct.-Dec.
|m A14850367054
|p ric
|s JLF
|t 0
|
| 952 |
f |
f |
|a Texas A&M University
|b Rellis Campus
|c Joint Library Facility
|d Remote Storage
|e SF193.J5 J5
|h Library of Congress classification
|i unmediated -- volume
|k v.23:no.13-23
|l 1976:July-Dec.
|m A14851831793
|p ric
|s JLF
|t 0
|
| 952 |
f |
f |
|a Texas A&M University
|b Rellis Campus
|c Joint Library Facility
|d Remote Storage
|e SF193.J5 J5
|h Library of Congress classification
|i unmediated -- volume
|k v.20:no.13-23
|l 1973:July-Dec.
|m A14851831777
|p ric
|s JLF
|t 0
|
| 952 |
f |
f |
|a Texas A&M University
|b Rellis Campus
|c Joint Library Facility
|d Remote Storage
|e SF193.J5 J5
|h Library of Congress classification
|i unmediated -- volume
|k v.23:no.1-12
|l 1976:Jan.-June
|m A14851831926
|p ric
|s JLF
|t 0
|
| 952 |
f |
f |
|a Texas A&M University
|b Rellis Campus
|c Joint Library Facility
|d Remote Storage
|e SF193.J5 J5
|h Library of Congress classification
|i unmediated -- volume
|k v.59:no.7-9
|l 2012:Jul.-Sept.
|m A14842046618
|p ric
|s JLF
|t 0
|
| 952 |
f |
f |
|a Texas A&M University
|b Rellis Campus
|c Joint Library Facility
|d Remote Storage
|e SF193.J5 J5
|h Library of Congress classification
|i unmediated -- volume
|k v.31:no.7-12
|l 1984:July-Dec.
|m A14851831561
|p ric
|s JLF
|t 0
|
| 952 |
f |
f |
|a Texas A&M University
|b Rellis Campus
|c Joint Library Facility
|d Remote Storage
|e SF193.J5 J5
|h Library of Congress classification
|i unmediated -- volume
|k v.60:no.4-6
|l 2013:Apr.-Jun.
|m A14842046642
|p ric
|s JLF
|t 0
|
| 952 |
f |
f |
|a Texas A&M University
|b Rellis Campus
|c Joint Library Facility
|d Remote Storage
|e SF193.J5 J5
|h Library of Congress classification
|i unmediated -- volume
|k v.3:no.1-12
|l 1956:Jan.-June
|m A14851831108
|p ric
|s JLF
|t 0
|
| 952 |
f |
f |
|a Texas A&M University
|b Rellis Campus
|c Joint Library Facility
|d Remote Storage
|e SF193.J5 J5
|h Library of Congress classification
|i unmediated -- volume
|k v.28:no.7-13
|l 1981:July-Dec.
|m A14851831686
|p ric
|s JLF
|t 0
|
| 952 |
f |
f |
|a Texas A&M University
|b Rellis Campus
|c Joint Library Facility
|d Remote Storage
|e SF193.J5 J5
|h Library of Congress classification
|i unmediated -- volume
|k v.6:no.13-15,17-24
|l 1959:July 5-Aug.5,Sept.5-Dec.20
|m A14851830985
|p ric
|s JLF
|t 0
|
| 952 |
f |
f |
|a Texas A&M University
|b Rellis Campus
|c Joint Library Facility
|d Remote Storage
|e SF193.J5 J5
|h Library of Congress classification
|i unmediated -- volume
|k v.15:no.1-12
|l 1968:Jan.-June
|m A14851831157
|p ric
|s JLF
|t 0
|
| 952 |
f |
f |
|a Texas A&M University
|b Rellis Campus
|c Joint Library Facility
|d Remote Storage
|e SF193.J5 J5
|h Library of Congress classification
|i unmediated -- volume
|k v.6:no.1-12
|l 1959:Jan.-June
|m A14851830852
|p ric
|s JLF
|t 0
|
| 952 |
f |
f |
|a Texas A&M University
|b Rellis Campus
|c Joint Library Facility
|d Remote Storage
|e SF193.J5 J5
|h Library of Congress classification
|i unmediated -- volume
|k v.45:no.9-12
|l 1998:Sept.-Dec.
|m A14824929914
|p ric
|s JLF
|t 0
|
| 952 |
f |
f |
|a Texas A&M University
|b Rellis Campus
|c Joint Library Facility
|d Remote Storage
|e SF193.J5 J5
|h Library of Congress classification
|i unmediated -- volume
|k v.63:no.7-9
|l 2016:July-Sept.
|m A14850111056
|p ric
|s JLF
|t 0
|
| 952 |
f |
f |
|a Texas A&M University
|b Rellis Campus
|c Joint Library Facility
|d Remote Storage
|e SF193.J5 J5
|h Library of Congress classification
|i unmediated -- volume
|k v.14:no.1-12
|l 1967:Jan.-June
|m A14851830886
|p ric
|s JLF
|t 0
|
| 952 |
f |
f |
|a Texas A&M University
|b Rellis Campus
|c Joint Library Facility
|d Remote Storage
|e SF193.J5 J5
|h Library of Congress classification
|i unmediated -- volume
|k v.60:no.10-12
|l 2013:Oct.-Dec.
|m A14843158222
|p ric
|s JLF
|t 0
|
| 952 |
f |
f |
|a Texas A&M University
|b Rellis Campus
|c Joint Library Facility
|d Remote Storage
|e SF193.J5 J5
|h Library of Congress classification
|i unmediated -- volume
|k v.51:no.7-12
|l 2004:July-Dec.
|m A14833714203
|p ric
|s JLF
|t 0
|
| 952 |
f |
f |
|a Texas A&M University
|b Rellis Campus
|c Joint Library Facility
|d Remote Storage
|e SF193.J5 J5
|h Library of Congress classification
|i unmediated -- volume
|k v.10:no.13-24
|l 1963:July-Dec.
|m A14851831132
|p ric
|s JLF
|t 0
|
| 952 |
f |
f |
|a Texas A&M University
|b Rellis Campus
|c Joint Library Facility
|d Remote Storage
|e SF193.J5 J5
|h Library of Congress classification
|i unmediated -- volume
|k v.57:no.10,12 + 2009/2010:directory
|l 2010:Oct.,Dec.
|m A14842046543
|p ric
|s JLF
|t 0
|
| 952 |
f |
f |
|a Texas A&M University
|b Rellis Campus
|c Joint Library Facility
|d Remote Storage
|e SF193.J5 J5
|h Library of Congress classification
|i unmediated -- volume
|k v.30:no.1-6
|l 1983:Jan.-June
|m A14851831959
|p ric
|s JLF
|t 0
|
| 952 |
f |
f |
|a Texas A&M University
|b Rellis Campus
|c Joint Library Facility
|d Remote Storage
|e SF193.J5 J5
|h Library of Congress classification
|i unmediated -- volume
|k v.26:no.7-12
|l 1979:July-Dec.
|m A14851831546
|p ric
|s JLF
|t 0
|
| 952 |
f |
f |
|a Texas A&M University
|b Rellis Campus
|c Joint Library Facility
|d Remote Storage
|e SF193.J5 J5
|h Library of Congress classification
|i unmediated -- volume
|k v.29:no.7-13
|l 1982:July-Dec.
|m A14851831421
|p ric
|s JLF
|t 0
|
| 952 |
f |
f |
|a Texas A&M University
|b Rellis Campus
|c Joint Library Facility
|d Remote Storage
|e SF193.J5 J5
|h Library of Congress classification
|i unmediated -- volume
|k v.18:no.1-12
|l 1971:Jan.-June
|m A14851831041
|p ric
|s JLF
|t 0
|
| 952 |
f |
f |
|a Texas A&M University
|b Rellis Campus
|c Joint Library Facility
|d Remote Storage
|e SF193.J5 J5
|h Library of Congress classification
|i unmediated -- volume
|k v.56:no.4-6
|l 2009:Apr.-June
|m A14838825318
|p ric
|s JLF
|t 0
|
| 952 |
f |
f |
|a Texas A&M University
|b Rellis Campus
|c Joint Library Facility
|d Remote Storage
|e SF193.J5 J5
|h Library of Congress classification
|i unmediated -- volume
|k v.38:no.5-8
|l 1991:May-Aug.
|m A14815297114
|p ric
|s JLF
|t 0
|
| 952 |
f |
f |
|a Texas A&M University
|b Rellis Campus
|c Joint Library Facility
|d Remote Storage
|e SF193.J5 J5
|h Library of Congress classification
|i unmediated -- volume
|k v.1:no.13-30
|l 1954:Apr.-Dec.
|m A14851830837
|p ric
|s JLF
|t 0
|
| 952 |
f |
f |
|p ric
|a Texas A&M University
|b Rellis Campus
|c Joint Library Facility
|s JLF
|d Remote Storage
|t 0
|e SF193.J5 J5
|h Library of Congress classification
|i unmediated -- volume
|l 1994/1995:Suppl.
|m A14819925442
|
| 952 |
f |
f |
|a Texas A&M University
|b Rellis Campus
|c Joint Library Facility
|d Remote Storage
|e SF193.J5 J5
|h Library of Congress classification
|i unmediated -- volume
|k v.21:no.1-6
|l 1974:Jan.-Mar.
|m A14834653109
|p ric
|s JLF
|t 0
|
| 952 |
f |
f |
|a Texas A&M University
|b Rellis Campus
|c Joint Library Facility
|d Remote Storage
|e SF193.J5 J5
|h Library of Congress classification
|i unmediated -- volume
|k v.18:no.13-23
|l 1971:July-Dec.
|m A14851830910
|p ric
|s JLF
|t 0
|
| 952 |
f |
f |
|a Texas A&M University
|b Rellis Campus
|c Joint Library Facility
|d Remote Storage
|e SF193.J5 J5
|h Library of Congress classification
|i unmediated -- volume
|k v.11:no.1-12
|l 1964:Jan.-June
|m A14851831009
|p ric
|s JLF
|t 0
|
| 952 |
f |
f |
|a Texas A&M University
|b Rellis Campus
|c Joint Library Facility
|d Remote Storage
|e SF193.J5 J5
|h Library of Congress classification
|i unmediated -- volume
|k v.41:no.9-12
|l 1994:Sept.-Dec.
|m A14819489713
|p ric
|s JLF
|t 0
|
| 952 |
f |
f |
|a Texas A&M University
|b Rellis Campus
|c Joint Library Facility
|d Remote Storage
|e SF193.J5 J5
|h Library of Congress classification
|i unmediated -- volume
|k v.63:no.1-3
|l 2016:Jan-Mar.
|m A14843538951
|p ric
|s JLF
|t 0
|
| 952 |
f |
f |
|a Texas A&M University
|b Rellis Campus
|c Joint Library Facility
|d Remote Storage
|e SF193.J5 J5
|h Library of Congress classification
|i unmediated -- volume
|k v.41:no.7:suppl.
|l 1994:July
|m A14819925646
|p ric
|s JLF
|t 0
|
| 952 |
f |
f |
|a Texas A&M University
|b Rellis Campus
|c Joint Library Facility
|d Remote Storage
|e SF193.J5 J5
|h Library of Congress classification
|i unmediated -- volume
|k v.54:no.7-9
|l 2007:July-Sept.
|m A14836455599
|p ric
|s JLF
|t 0
|
| 952 |
f |
f |
|a Texas A&M University
|b Rellis Campus
|c Joint Library Facility
|d Remote Storage
|e SF193.J5 J5
|h Library of Congress classification
|i unmediated -- volume
|k v.55:no.1-3
|l 2008:Jan.-Mar.
|m A14837141020
|p ric
|s JLF
|t 0
|
| 952 |
f |
f |
|a Texas A&M University
|b Rellis Campus
|c Joint Library Facility
|d Remote Storage
|e SF193.J5 J5
|h Library of Congress classification
|i unmediated -- volume
|k v.25:no.1-6
|l 1978:Jan.-June
|m A14851831934
|p ric
|s JLF
|t 0
|
| 952 |
f |
f |
|a Texas A&M University
|b Rellis Campus
|c Joint Library Facility
|d Remote Storage
|e SF193.J5 J5
|h Library of Congress classification
|i unmediated -- volume
|k v.64:no.7-9
|l 2017:July-Sept.
|m A14850367047
|p ric
|s JLF
|t 0
|
| 952 |
f |
f |
|a Texas A&M University
|b Rellis Campus
|c Joint Library Facility
|d Remote Storage
|e SF193.J5 J5
|h Library of Congress classification
|i unmediated -- volume
|k v.47:no.1-4
|l 2000:Jan.-Apr.
|m A14827939421
|p ric
|s JLF
|t 0
|
| 952 |
f |
f |
|a Texas A&M University
|b Rellis Campus
|c Joint Library Facility
|d Remote Storage
|e SF193.J5 J5
|h Library of Congress classification
|i unmediated -- volume
|k v.21:no.13-23
|l 1974:July 5-Dec.
|m A14851831918
|p ric
|s JLF
|t 0
|
| 952 |
f |
f |
|a Texas A&M University
|b Rellis Campus
|c Joint Library Facility
|d Remote Storage
|e SF193.J5 J5
|h Library of Congress classification
|i unmediated -- volume
|k v.13:no.1-12
|l 1966:Jan.-June
|m A14851831140
|p ric
|s JLF
|t 0
|
| 952 |
f |
f |
|a Texas A&M University
|b Rellis Campus
|c Joint Library Facility
|d Remote Storage
|e SF193.J5 J5
|h Library of Congress classification
|i unmediated -- volume
|k v.8:no.13-24
|l 1961:July-Dec.
|m A14851830993
|p ric
|s JLF
|t 0
|
| 952 |
f |
f |
|a Texas A&M University
|b Rellis Campus
|c Joint Library Facility
|d Remote Storage
|e SF193.J5 J5
|h Library of Congress classification
|i unmediated -- volume
|k v.37:no.1-4
|l 1990:Jan.-Apr.
|m A14812942760
|p ric
|s JLF
|t 0
|
| 952 |
f |
f |
|a Texas A&M University
|b Rellis Campus
|c Joint Library Facility
|d Remote Storage
|e SF193.J5 J5
|h Library of Congress classification
|i unmediated -- volume
|k v.24:no.1-6
|l 1977:Jan.-June
|m A14851831660
|p ric
|s JLF
|t 0
|
| 952 |
f |
f |
|a Texas A&M University
|b Rellis Campus
|c Joint Library Facility
|d Remote Storage
|e SF193.J5 J5
|h Library of Congress classification
|i unmediated -- volume
|k v.62:no.4-6
|l 2015:April-June
|m A14851831447
|p ric
|s JLF
|t 0
|
| 952 |
f |
f |
|a Texas A&M University
|b Rellis Campus
|c Joint Library Facility
|d Remote Storage
|e SF193.J5 J5
|h Library of Congress classification
|i unmediated -- volume
|k v.58:no.1-3
|l 2011:Jan.-Mar.
|m A14842046550
|p ric
|s JLF
|t 0
|
| 952 |
f |
f |
|a Texas A&M University
|b Rellis Campus
|c Joint Library Facility
|d Remote Storage
|e SF193.J5 J5
|h Library of Congress classification
|i unmediated -- volume
|k v.40:no.5-8
|l 1993:May-Aug.
|m A14818233070
|p ric
|s JLF
|t 0
|
| 952 |
f |
f |
|a Texas A&M University
|b Rellis Campus
|c Joint Library Facility
|d Remote Storage
|e SF193.J5 J5
|h Library of Congress classification
|i unmediated -- volume
|k v.11:no.13-24
|l 1964:July-Dec.
|m A14851830878
|p ric
|s JLF
|t 0
|
| 952 |
f |
f |
|a Texas A&M University
|b Rellis Campus
|c Joint Library Facility
|d Remote Storage
|e SF193.J5 J5
|h Library of Congress classification
|i unmediated -- volume
|k v.61:no.7-9
|l 2014:July-Sept.
|m A14843537995
|p ric
|s JLF
|t 0
|
| 952 |
f |
f |
|a Texas A&M University
|b Rellis Campus
|c Joint Library Facility
|d Remote Storage
|e SF193.J5 J5
|h Library of Congress classification
|i unmediated -- volume
|k v.62:no.7-9
|l 2015:July-Sept.
|m A14843482663
|p ric
|s JLF
|t 0
|
| 952 |
f |
f |
|a Texas A&M University
|b Rellis Campus
|c Joint Library Facility
|d Remote Storage
|e SF193.J5 J5
|h Library of Congress classification
|i unmediated -- volume
|k v.58:no.10-12
|l 2011:Oct.-Dec.
|m A14842046584
|p ric
|s JLF
|t 0
|
| 952 |
f |
f |
|a Texas A&M University
|b Rellis Campus
|c Joint Library Facility
|d Remote Storage
|e SF193.J5 J5
|h Library of Congress classification
|i unmediated -- volume
|k v.51:no.1-6
|l 2004:Jan.-June
|m A14831788337
|p ric
|s JLF
|t 0
|
| 952 |
f |
f |
|a Texas A&M University
|b Rellis Campus
|c Joint Library Facility
|d Remote Storage
|e SF193.J5 J5
|h Library of Congress classification
|i unmediated -- volume
|k v.54:no.10-12
|l 2007:Oct.-Dec.
|m A14837102199
|p ric
|s JLF
|t 0
|